000 01175nam a2200313 i 4500
001 bg
100 1 _aLUNDY, Olive
245 1 0 _aStrategiczne zarządzanie zasobami ludzkimi /
_cOlive Lundy, Alan Cowling ; przeł. Grzegorz Łuczkiewicz.
246 _iTyt. oryg.:
_aStrategic human resource management
250 _a[Wyd. 1, dodr.].
260 _aKraków :
_bOficyna Ekonomiczna. Oddział Polskich Wydawnictw Profesjonalnych :
_b"ABC",
_c2001.
300 _a408 s. :
_bil. ;
_c24 cm.
490 1 _aZarządzanie Zasobami Ludzkimi (HR)
500 _aTyt. oryg.: "Strategic human resource management" 1997.
504 _aBibliogr. przy rozdz. - Indeks.
650 9 _aKadry
_xpolityka
650 9 _aZarządzanie strategiczne
_xzagadnienia
655 _aPodręczniki akademickie
700 1 _aCOWLING, Alan G.
830 _aZarządzanie Zasobami Ludzkimi (HR)
020 _a8388597108
040 _cBPK
041 1 _apl
_hen
080 _a658.3.012.4:331.1](075.8)
920 _a83-88597-10-8
942 _cKS
008 s pl f |000 0 pol
999 _c40760
_d40760
856 _uhttp://koha.tu.koszalin.pl/cgi-bin/koha/opac-detail.pl?biblionumber=40760
_yKatalog online BPK